000
00267nam a2200109Ia 4500
008
240625s9999 xx 000 0 und d
041
_a
eng
082
_a
658.83 MAL
100
_a
MALHOTRA NARESH K
245
_a
MARKETING RESEARCH AN APPLIED ORIENTATIO
260
_c
2011
999
_c
38288
_d
38288